| Tag |
First Indicator |
Second Indicator |
Subfields |
| LEADER |
00000cam a2200000Ia 4500 |
| 001 |
in00002287613 |
| 005 |
20190326201613.0 |
| 006 |
m | d | |
| 007 |
cr |n||||||||n |
| 008 |
900806s1795 fr sl f000 0 fre d |
| 040 |
|
|
|a NYG
|c GKS
|d OCL
|d Thomson Gale
|d UtOrBLW
|
| 043 |
|
|
|a e-fr---
|
| 110 |
1 |
|
|a France.
|
| 245 |
1 |
0 |
|a Loi qui exclut jusqu'à la paix, de toutes fonctions publiques, les provocateurs ou signataires de mesures séditieuses et contraires aux lois, les individus inscrits et non rayés sur la liste des émigrés, et les parens des émigrés, etc :
|b du 3 brumaire, an quatrième de la République française : B. 199, no. 1193.
|
| 264 |
|
1 |
|a Paris :
|b Impr. du Dépôt des lois,
|c [1795]
|
| 300 |
|
|
|a 2 pages
|
| 336 |
|
|
|a text
|b txt
|2 rdacontent
|
| 337 |
|
|
|a computer
|b c
|2 rdamedia
|
| 338 |
|
|
|a online resource
|b cr
|2 rdacarrier
|
| 500 |
|
|
|a At head of title: Number 618*.
|
| 500 |
|
|
|a Caption title.
|
| 500 |
|
|
|a Signed: Genissieu, président; J.F. Philippe Delleville, Auger, secrétaires.
|
| 500 |
|
|
|a Reproduction of original from Goldsmiths' Library, University of London.
|
| 500 |
|
|
|a Goldsmiths'-Kress number 16470.
|
| 510 |
4 |
|
|a OCLC,
|c 22188040
|
| 533 |
|
|
|a Electronic reproduction.
|b Farmington Hills, Mich. :
|c Thomson Gale,
|d 2005.
|f (The making of the modern world).
|n Available via the World Wide Web.
|n Access limited to licensing agreements.
|7 s2005 miunns
|
| 500 |
|
|
|a Electronic resource.
|
| 651 |
|
0 |
|a France
|x History
|y Revolution, 1789-1799
|x Refugees.
|
| 650 |
|
0 |
|a Political refugees
|x Legal status, laws, etc.
|z France.
|
| 650 |
|
0 |
|a Sedition
|x Law and legislation
|z France.
|
| 655 |
|
0 |
|a Electronic books.
|
| 700 |
1 |
|
|a Génissieu, Jean-Joseph-Victor,
|d 1749-1804.
|
| 700 |
1 |
|
|a Philippe-Delleville, Jean-François,
|d 1740-1828.
|
| 700 |
1 |
|
|a Auger, Antoine-Augustin,
|d 1761-1836.
|
| 710 |
1 |
|
|a France.
|b Convention nationale.
|
| 830 |
|
0 |
|a Making of the modern world (Goldsmiths'-Kress Library of Economic Literature)
|
| 856 |
4 |
0 |
|u http://proxy.library.tamu.edu/login?url=http://galenet.galegroup.com/servlet/MOME?af=RN&ae=U102563791&srchtp=a&ste=14&locID=txshracd2898
|z Connect to the full text of this electronic book
|t 0
|
| 999 |
|
|
|a MARS
|
| 999 |
f |
f |
|s 679016f6-8abc-3647-bd6a-9bc496db72dd
|i 15828b0c-9fcf-38d4-b1fc-291b35f896d2
|t 0
|
| 952 |
f |
f |
|a Texas A&M University
|b College Station
|c Electronic Resources
|d Available Online
|t 0
|h No information provided
|
| 998 |
f |
f |
|t 0
|l Available Online
|